La autonomía del profesorado
Gardado en:
| Autor Principal: | |
|---|---|
| Formato: | Libro |
| Idioma: | Lingua castelá |
| Publicado: |
Madrid
Morata
1997
|
| Edición: | 1a. ed |
| Series: | Colección Pedagogía. Manuales
|
| Subjects: | |
| Tags: |
Engadir etiqueta
Sen Etiquetas, Sexa o primeiro en etiquetar este rexistro!
|
MARC
| LEADER | 00000nam a2200000 a 4500 | ||
|---|---|---|---|
| 001 | UCO6645 | ||
| 003 | CL-VaPUC | ||
| 008 | 001027e19970000SP |||||||||||||||||spa|d | ||
| 020 | |a 8471124173 | ||
| 082 | 0 | 4 | |a 371.1 |b CON |2 21 |
| 100 | 0 | |a Contreras Domingo, José |e author |9 451456 | |
| 245 | 1 | 3 | |a La autonomía del profesorado |
| 250 | |a 1a. ed | ||
| 300 | |a 231 p | ||
| 942 | |c BK | ||
| 945 | |d 20001027 00:00:00 |a vberengu | ||
| 260 | |a Madrid |b Morata |c 1997 | ||
| 650 | 7 | |a DOCENCIA |2 CL-VaPUC |9 451457 | |
| 650 | 0 | |a Formación profesional de profesores |9 307493 | |
| 650 | 0 | |a Profesores |9 308968 | |
| 650 | 0 | |a Rol del docente |9 329733 | |
| 583 | |a last modification |c 20001027 00:00:00 |k Rodrigo Vera | ||
| 490 | 0 | |a Colección Pedagogía. Manuales | |
| 999 | |c 292124 |d 292122 | ||
| 952 | |0 0 |1 0 |4 0 |6 371_100000000000000_CON_1997 |7 0 |8 A |9 342730 |a BIBEDU |b BIBEDU |d 2019-11-20 |i 3660672 |o 371.1 CON 1997 |p 3660672 |r 2019-11-20 |w 2019-11-20 |y BK |k BME | ||
| 952 | |0 0 |1 0 |4 0 |6 371_100000000000000_CON_1997 |7 0 |8 A |9 342731 |a BIBEDU |b BIBEDU |d 2019-11-20 |i 4025873 |o 371.1 CON 1997 |p 4025873 |r 2019-11-20 |w 2019-11-20 |y BK |k EBA | ||
| 952 | |0 0 |1 0 |4 0 |6 371_100000000000000_CON_1997 |7 0 |8 A |9 342732 |a BIBEDU |b BIBEDU |d 2019-11-20 |i 4066243 |o 371.1 CON 1997 |p 4066243 |r 2019-11-20 |w 2019-11-20 |y BK |k PAR | ||